| 000 | 00828cam a2200265 a 4500 | ||
|---|---|---|---|
| 005 | 20260322212037.0 | ||
| 008 | data | ||
| 010 | _a 95189164 | ||
| 020 | _a1878542761 | ||
| 020 | _a9781878542762 | ||
| 040 |
_aDLC _cDLC _dDLC |
||
| 050 | 0 | 0 |
_aHD50.5 _b.T69 1994 |
| 092 | _a658.4 T69 1994 | ||
| 100 | 1 | _aTowers, Mark. | |
| 245 | 1 | 4 |
_aThe ABC's of empowered teams : _bbuilding blocks for success / _cMark Towers. |
| 260 |
_aMission, KS : _bSkillPath Publications, _cc1994. |
||
| 300 |
_av, 102 p. ; _c22 cm. |
||
| 650 | 0 | _aEmployee empowerment. | |
| 650 | 0 | _aSelf-directed work teams. | |
| 906 |
_a7 _bcbc _corignew _d2 _encip _f19 _gy-gencatlg |
||
| 922 | _aco | ||
| 991 |
_bc-GenColl _hHD50.5 _i.T69 1994 _p00033462116 _tCopy 1 _wBOOKS |
||
| 001 | data | ||
| 999 |
_c862 _d862 |
||